Revista jurídica argentina
Guardado en:
| Formato: | Seriadas |
|---|---|
| Idioma: | Spanish |
| Publicado: |
Buenos Aires :
La Ley,
1966
|
| Etiquetas: |
Agregar Etiqueta
Sin Etiquetas, Sea el primero en etiquetar este registro!
|
| LEADER | 00464nas a22001335a 4500 | ||
|---|---|---|---|
| 001 | DER.der001173 | ||
| 005 | 20050905000000.0 | ||
| 008 | 180615s1966####||||||||||||||||||||spa|| | ||
| 245 | 1 | 0 | |a Revista jurídica argentina |
| 260 | |a Buenos Aires : |b La Ley, |c 1966 | ||
| 859 | |a DERECHO |b BIB. DERECHO |h 348.046 |i REV |p 002513 | ||
| 859 | |a DERECHO |b BIB. DERECHO |h 348.046 |i REV |p 002514 | ||
| 859 | |a DERECHO |b BIB. DERECHO |h 348.046 |i REV |p 002515 | ||
| 859 | |a DERECHO |b BIB. DERECHO |h 348.046 |i REV |p 002516 | ||
